| 000 | 01134nam a2200217Ia 4500 | ||
|---|---|---|---|
| 999 |
_c36613 _d36613 |
||
| 001 | 2533 | ||
| 003 | GE_BSU | ||
| 005 | 20230901150954.0 | ||
| 008 | 181216s2001||||ge |||||||||||||| ||geo|| | ||
| 040 | _cGE_BSU | ||
| 041 | _ageo | ||
| 080 | _a811.111(038)+811.353.1(038) ი–54 | ||
| 245 |
_aინგლისურ–ქართული ლექსიკონი = English-Georgian dictionary. რვეული 10 : _bJ - K - L / _c[სარედ. კოლ.: თინათინ მარგალიტაძე (მთ. რედ.) და სხვ. ; შემდგ.: გ. მელაძე, ნანა ძოწენიძე, ჯ. სირია და სხვ.]. |
||
| 264 |
_aთბილისი, _c2001. |
||
| 300 |
_a190 გვ.; _b28 სმ. |
||
| 653 | _aინგლისურ–ქართული ლექსიკონი | ||
| 700 |
_aმარგალიტაძე, თინათინ _eრედაქტორ _96114 |
||
| 700 |
_aმელაძე, გ. _eშემდგენელი _94663 |
||
| 710 |
_aთბილისის უნ-ტი _919749 |
||
| 942 |
_cBK _2udc |
||